Guardiões da Galáxia - Statistics

Estatísticas Gerais
  • Esse quiz foi jogado 3 346 vezes
  • A pontuação média é 7 de 10
Estatísticas das Respostas
Resposta % Correto
Groot
90%
Gamora
89%
Star-Lord
87%
Rocket
80%
Drax
74%
Chris Pratt
64%
Vin Diesel
57%
Zoe Saldaña
42%
Dave Bautista
37%
Bradley Cooper
32%
Nenhum quiz correspondente encontrado
Distribuição das Pontuações
Porcentagem de Pessoas com Cada Pontuação
Percentil de Números Respondidos
Sua Pontuação Histórica
Você não jogou esse quiz